000 01103cam a22003257a 4500
003 CHAP
005 20220329134616.0
008 971013s1952 r 00010 d
010 _a22954
011 _a23926
035 _a28023
040 _cCHAP
082 _a633.73
_bD86
100 0 0 _aDuque, Juan Pablo.
_934532
245 1 3 _aLa podredumbre radial de las raíces del cafeto
260 _aMéxico, D.F. :
_bComisión Nacional del Café,
_c1952
300 _a107 p.
_b: ilus.
590 _aBATCH-UPD
_b10
_c20130110
_lUCH01
_h0052
590 _aBATCH-UPD
_b10
_c20130110
_lUCH01
_h0853
590 _aBATCH-UPD
_b10
_c20130410
_lUCH01
_h0525
590 _aBATCH-UPD
_b10
_c20130914
_lUCH01
_h0808
590 _aCONVERSION
_b10
_c20130109
_lUCH01
_h1313
650 1 4 _aCafé
_xEnfermedades.
_917136
650 1 4 _aFitopatología.
_941161
901 _aBK
942 _cLIBRO
949 _a633.73 D86
_bBC
_cLIBRO
_d-64667
_eLIBRO
_h22791
_i28023
_mD
_si
949 _a633.73 D86
_bBC
_cLIBRO
_d-64668
_eLIBRO
_fc.2
_h22792
_i28023
_mD
_si
949 _a633.73 D86
_bBC
_cLIBRO
_d33724000216628
_eLIBRO
_fc.3
_h22793
_i28023
_mD
_si
999 _c22954
_d22954